000 00475nam a2200157 i 4500
001 71545
003 ES-MaACL
005 20230906171147.0
007 t|
008 040812s1949 ag ||||1| spa d
100 1 _aGenta, Jordán B.
_956351
245 1 0 _aMonseñor Tiso
_b: en el segundo aniversario de su muerte /
_cJordán B. Genta.
260 _aBuenos Aires :
_bEdiciones del Restaurador,
_c1949.
300 _a16 p. ;
_c23 cm.
852 _aES-MaACL
_j1916-F-15
_bR.30520
999 _c71545
_d71545